00442nam a2200181Ia 4500003000400000005001700004008004100021020002200062040000700084041001200091082001900103100001600122245002600138260004500164300001600209365001300225650002200238OSt20250808182810.0210423s1999 xx 000 0 und d a978-0-19-828928-9 cAL aEnglish a320.011 bSENI aAmartya Sen aInequality reexamined aNew DelhibOxford University Pressc1999 axiv,207bPB b330cINR aPolitical Science